Ikut rasa binasa

Bibliographic Details
Main Author: Abisha Naim
Format: Book
Published: Kuala Lumpur : Pustaka Prinsip Sdn.Bhd , 2008
Series:Siri motivasi peribahasa
Subjects:

MARC

LEADER 00000cam a2200000 7i4500
001 0000029481
005 20151222.0
008 100611
020 |a 9830534817 
090 0 0 |a JF MOR   |b MAL 
100 0 |a Abisha Naim 
245 1 0 |a Ikut rasa binasa   |c Abisha Naim 
260 |a Kuala Lumpur :   |b Pustaka Prinsip Sdn.Bhd ,   |c 2008 
440 |a Siri motivasi peribahasa 
500 |a Children ages 7-9 years old (orange) 
650 0 |a Malay language   |x Readers   |v Fiction 
650 0 |a Malay language   |x Readers   |x Proverbs, Malay 
999 |a 0001071458   |b Book   |c Children Collection   |e Perbadanan Perpustakaan Awam Johor